00594nab a2200181 uc450000100070000000500170000700800410002403500110006503500210007604000130009704100080011010000340011824500690015265000290022165000320025065000300028277301000031237488020240201130937.0990422nuuuuuuuu spa  a374880 a(OCoLC)819777843 ccomduadb aspa10aGonzalez G., Felipe4auteaut14aLos instrumentos electronicos. Parte 6. Los generadores de senal aGeneradores de señales 0aInstrumentos electrónicos aMediciones electrónicas0 tElectrónica & Computadores (Pereira)gNo. 018, Jan. 1996, p. 42-45w939353x0121-91380361486